| 000 | 02096cam a22005294i 4500 | ||
|---|---|---|---|
| 003 | PE-LiUPU | ||
| 005 | 20250731180104.0 | ||
| 008 | 150617s r 000 0 d | ||
| 020 | _a8434583771 | ||
| 035 | _a(Sirsi) i9788434583771 | ||
| 040 |
_aPE-LiUPU _bspa _cPE-LiUPU _erda |
||
| 049 | _aPRUA | ||
| 082 | 0 | 4 |
_a500.1 _bB _221 |
| 100 | 1 |
_aTrefil, James S., _eautor. |
|
| 245 | 1 | 3 |
_aEl panorama inesperado : _bla naturaleza vista por un físico / _cJames S. Trefil ; [traducción, Miquel Muntaner]. |
| 264 | 1 |
_aBarcelona : _bSalvat, _c1986. |
|
| 300 |
_a232 páginas ; _c19 centímetros |
||
| 336 |
_atext _2rdacontent |
||
| 337 |
_aunmediated _2rdamedia |
||
| 338 |
_avolume _2rdacarrier |
||
| 490 | 0 |
_aBiblioteca Científica Salvat ; _v39 |
|
| 505 | 0 | _aCubos de energía -- Todo depende de nuestro punto de vista -- El universo bien equilibrado -- La mancha de petróleo y el electron -- Por qué no vemos nunca un arco iris en el invierno -- ¿Por qué las monedas no se pegan a los imanes? -- El termómetro y el átomo -- ¿Por qué sale aire caliente de debajo del rigorífico a pesar de estar frio en su interior? -- Lecciones de una bombilla -- ¿Qué aspecto tendría un gigante? -- ¿Por qué el cielo es azul? -- La gran unificación. | |
| 526 | _aSEG44 | ||
| 526 | _aSEG26 | ||
| 526 | _aP159 | ||
| 526 | _aP155 | ||
| 526 | _aP154 | ||
| 526 | _aP153 | ||
| 526 | _aP150 | ||
| 526 | _aP100 | ||
| 526 | _aP31 | ||
| 526 | _aP30 | ||
| 526 | _aP26 | ||
| 526 | _aP25 | ||
| 526 | _aP24 | ||
| 526 | _aP22 | ||
| 526 | _aP15 | ||
| 526 | _aP10 | ||
| 650 | 0 | 4 |
_aFísica _vObras de divulgación. |
| 910 |
_ajck _bjvq _cjck _d20150616 |
||
| 942 |
_2ddc _cBOOK |
||
| 949 |
_a500.1 B _wDEWEY _c1 _i29063 _lCCODEBUL1 _mBUL _r0 _sY _tBOOK _u2015-4-22 _xEDUCACION _zUNKNOWN _0COMPRA _o.STAFF. Colección General |
||
| 994 |
_aC0 _bPEPRU |
||
| 596 | _a1 | ||
| 999 |
_a500.1 B _wDEWEY _c19234 _i29063 _d19234 _f2021-11-5 _g5 _lCCODEBUL1 _mBUL _q1 _r0 _sN _tBOOK _u2015-4-22 _xBIBLIOTECA _zUNKNOWN _0COMPRA _o.STAFF. Colección General |
||
| 980 |
_81 _gALBERTO SANCHEZ Responsable de Automatización |
||